| 000 | 00624nam a2200181 i 4500 | ||
|---|---|---|---|
| 001 | 141100 | ||
| 003 | ES-MaACL | ||
| 005 | 20230906200224.0 | ||
| 007 | t| | ||
| 008 | 070919s1970 sp ||||1| spa d | ||
| 100 | 1 |
_aViteles, Morris S. _9115509 |
|
| 245 | 1 | 0 |
_aMotivación y moral en la industria / _cpor Morris S. Viteles ; prólogo y supervisión de J. Baruel Coll ; [traducción de: Ramón Lacambra Puig]. |
| 260 |
_aBarcelona : _bHispano Europea, _c[1970] |
||
| 300 |
_aXV, 634 p. ; _c22 cm. |
||
| 700 | 1 |
_aBaruel Coll, J. _926209 |
|
| 700 | 1 |
_aLacambra Puig, Ramón. _969322 |
|
| 852 |
_aES-MaACL _jC-38648 _bR.74720 |
||
| 999 |
_c141100 _d141100 |
||